Online
Catalog

Personalidad, cáncer y sobrevida / (Record no. 9273)

MARC details
000 -CABECERA
campo de control de longitud fija 00727nam a2200205 a 4500
001 - NÚMERO DE CONTROL
campo de control 000009513
005 - FECHA Y HORA DE LA ÚLTIMA TRANSACCIÓN
campo de control 20200929161619.0
008 - DATOS DE LONGITUD FIJA--INFORMACIÓN GENERAL
campo de control de longitud fija 090930s2002 cu 000 0 spa d
020 ## - NÚMERO INTERNACIONAL ESTÁNDAR DEL LIBRO
Número Internacional Estándar del Libro 9590503004
040 ## - FUENTE DE LA CATALOGACIÓN
Centro catalogador/agencia de origen DO-SdBNP
082 ## - NÚMERO DE LA CLASIFICACIÓN DECIMAL DEWEY
Número de clasificación xxxx
Número de documento/Ítem S939p
049 ## - FONDOS LOCALES (OCLC)
Fondos de biblioteca BNPD
100 1# - ENTRADA PRINCIPAL--NOMBRE DE PERSONA
Nombre de persona Suárez Vera, Diana Marjorie
9 (RLIN) 24332
245 10 - MENCIÓN DE TÍTULO
Título Personalidad, cáncer y sobrevida /
Mención de responsabilidad, etc. Diana Marjorie Suárez Vera ; prólogo Rafael Dujarric Pullés ; edición y corrección Neyda Izquierdo Ramos.
260 ## - PUBLICACIÓN, DISTRIBUCIÓN, ETC.
Lugar de publicación, distribución, etc. La Habana, Cuba :
Nombre del editor, distribuidor, etc. Científico Técnica,
Fecha de publicación, distribución, etc. 2002.
300 ## - DESCRIPCIÓN FÍSICA
Extensión 232 p. ;
Dimensiones 21 cm.
504 ## - NOTA DE BIBLIOGRAFÍA, ETC.
Nota de bibliografía, etc. Incluye bibliografías
700 1# - PUNTO DE ACCESO ADICIONAL--NOMBRE DE PERSONA
Nombre de persona Dujarric Pullés, Rafael,
Término indicativo de función/relación pról.
9 (RLIN) 24333
700 1# - PUNTO DE ACCESO ADICIONAL--NOMBRE DE PERSONA
Nombre de persona Izquierdo Ramos, Neyda,
Término indicativo de función/relación ed. y corr.
9 (RLIN) 21879
Holdings
Estado de retiro Estado de pérdida Restricciones de uso No para préstamo Código de colección Localización permanente Ubicación/localización actual Ubicación en estantería Fecha de adquisición Número de inventario Total de préstamos Signatura topográfica completa Código de barras Fecha visto por última vez Precio válido a partir de Tipo de ítem Koha
      Excluido de préstamo Monografías: Libros y Folletos General General En catalogación 30.09.2009 LF1   xxxx S939p 9513-10 25.06.2020 25.06.2020 No se presta

Powered by Koha